[Event "Benidorm - Aficionados sub-2300 2014"]
[Site "Benidorm ESP"]
[Date "2014.11.30"]
[Round "3.1"]
[White "Prieto Martin, Alfonso"]
[Black "Torres Sanchez, Jose"]
[Result "0-1"]
[WhiteElo "2182"]
[BlackElo "2277"]
[PlyCount "112"]
[EventDate "2014.11.28"]
[EventType "swiss"]
[EventRounds "10"]
[EventCountry "ESP"]
[SourceTitle "Ajedrez en Madrid"]
[Source "lmi"]
[SourceDate "2014.11.28"]

1. e4 c5 2. Nf3 a6 3. c3 e6 4. d4 d5 5. exd5 Qxd5 6. Be2 Nf6 7. O-O Nc6 8. Be3
cxd4 9. cxd4 Be7 10. Nc3 Qa5 11. a3 Nd5 12. Qb3 O-O 13. Nxd5 Qxd5 14. Qxd5 exd5
15. Ne5 Bd6 16. Nxc6 bxc6 17. Rfc1 Bd7 18. Bd1 Rfb8 19. Ba4 Rxb2 20. Bxc6 Bxc6
21. Rxc6 Rab8 22. g3 R2b6 23. Rxd6 Rxd6 24. Bf4 Rdb6 25. Bxb8 Rxb8 26. Rc1 Kf8
27. Rc6 Rb3 28. Rxa6 Rd3 29. Ra4 Ke7 30. Kf1 Rd2 31. Ke1 Ra2 32. Ra6 Rc2 33.
Ra5 Ke6 34. Rc5 Ra2 35. Rc3 h5 36. h4 f6 37. Rf3 Rc2 38. Kd1 Rc4 39. Rd3 Kf5
40. Ke2 Kg4 41. Rf3 Rxd4 42. Rf4+ Rxf4 43. gxf4 Kxf4 44. a4 Ke5 45. f4+ Kd4 46.
a5 Kc5 47. f5 Kb5 48. Kd3 Kxa5 49. Kd4 Kb4 50. Kxd5 Kc3 51. Ke6 Kd4 52. Kf7 Ke5
53. Kg6 Kf4 54. Kxh5 Kg3 55. Kg6 Kxh4 56. Kxg7 Kg5 0-1

[Event "Benidorm - Aficionados sub-2300 2014"]
[Site "Benidorm ESP"]
[Date "2014.11.30"]
[Round "3.2"]
[White "Vaarala, Eric"]
[Black "Serra Pages, Jordi"]
[Result "1-0"]
[WhiteElo "2274"]
[BlackElo "2182"]
[PlyCount "154"]
[EventDate "2014.11.28"]
[EventType "swiss"]
[EventRounds "10"]
[EventCountry "ESP"]
[SourceTitle "Ajedrez en Madrid"]
[Source "lmi"]
[SourceDate "2014.11.28"]

1. c4 Nf6 2. Nf3 g6 3. b3 Bg7 4. Bb2 O-O 5. e3 d5 6. Nc3 c6 7. Be2 Ne4 8. Qc1
Nxc3 9. Bxc3 Bg4 10. Bxg7 Kxg7 11. Qc3+ Kg8 12. Qb4 Bxf3 13. Bxf3 Qd7 14. h4
Na6 15. Qa3 d4 16. O-O e5 17. exd4 exd4 18. Rfe1 Rfe8 19. Qa5 Re6 20. b4 Qc7
21. Qa3 Rae8 22. Rxe6 Rxe6 23. b5 cxb5 24. cxb5 Qc5 25. Qb2 Qb4 26. Qb3 Qxb3
27. axb3 Nc5 28. Rxa7 b6 29. Bd5 Re1+ 30. Kh2 Ne6 31. Bxe6 Rxe6 32. Rd7 Re5 33.
Rxd4 Rxb5 34. Rd3 h5 35. Kg1 Kg7 36. Kf1 Kf6 37. Ke2 Rb4 38. Rf3+ Ke6 39. g3
Rb5 40. Kd1 g5 41. hxg5 Rxg5 42. Rf4 f6 43. d3 Ra5 44. Ke2 Rb5 45. b4 Rd5 46.
Ke3 Kf7 47. Kd2 Ke6 48. Kc3 b5 49. Kd2 Rg5 50. Ke3 Rd5 51. Rd4 Rg5 52. Rd8 Re5+
53. Kd4 Rf5 54. f4 h4 55. Ke4 hxg3 56. Rg8 Rd5 57. Rxg3 Rd8 58. Rg7 f5+ 59. Ke3
Rd5 60. Rg6+ Kf7 61. Rc6 Ke7 62. Rb6 Kd7 63. Rh6 Ke7 64. Rh7+ Ke6 65. Rb7 Kd6
66. Ra7 Kc6 67. Rf7 Kd6 68. d4 Ke6 69. Rc7 Kd6 70. Rc5 Ke6 71. Kf3 Kd6 72. Ke3
Ke6 73. Rc1 Rd8 74. Rc6+ Rd6 75. d5+ Kxd5 76. Rxd6+ Kxd6 77. Kd4 Kd7 1-0

[Event "Benidorm - Aficionados sub-2300 2014"]
[Site "Benidorm ESP"]
[Date "2014.11.30"]
[Round "3.3"]
[White "Olhovik, Andrei"]
[Black "Uran Bermudez, Oliver Kevin"]
[Result "1-0"]
[WhiteElo "2270"]
[BlackElo "2182"]
[PlyCount "59"]
[EventDate "2014.11.28"]
[EventType "swiss"]
[EventRounds "10"]
[EventCountry "ESP"]
[SourceTitle "Ajedrez en Madrid"]
[Source "lmi"]
[SourceDate "2014.11.28"]

1. d4 d5 2. c4 c6 3. Nf3 Nf6 4. e3 Bf5 5. Nc3 e6 6. Nh4 Be4 7. f3 Bg6 8. g3 Bd6
9. Qb3 Qc7 10. Kf2 Nbd7 11. Kg2 Bh5 12. cxd5 g5 13. dxe6 gxh4 14. exd7+ Qxd7
15. e4 hxg3 16. h3 O-O-O 17. Be2 Bb8 18. Be3 Ne8 19. d5 f5 20. dxc6 Qxc6 21.
Rac1 Nc7 22. Nd5 Qe8 23. Nxc7 Bxc7 24. Rxc7+ Kxc7 25. Bf4+ Rd6 26. Rd1 Kb8 27.
Rxd6 Ka8 28. e5 Qe7 29. e6 Be8 30. Qc3 1-0

[Event "Benidorm - Aficionados sub-2300 2014"]
[Site "Benidorm ESP"]
[Date "2014.11.30"]
[Round "3.4"]
[White "Tetimov, Ivan"]
[Black "Ibañez Aullana, Ramon"]
[Result "1/2-1/2"]
[WhiteElo "2158"]
[BlackElo "2268"]
[PlyCount "72"]
[EventDate "2014.11.28"]
[EventType "swiss"]
[EventRounds "10"]
[EventCountry "ESP"]
[SourceTitle "Ajedrez en Madrid"]
[Source "lmi"]
[SourceDate "2014.11.28"]

1. d4 Nf6 2. Bg5 e6 3. e4 h6 4. Bxf6 Qxf6 5. c3 Nc6 6. Bd3 e5 7. d5 Ne7 8. Ne2
Ng6 9. Bc2 Bc5 10. O-O d6 11. Ba4+ Kf8 12. b4 Bb6 13. Qd3 h5 14. Nd2 a6 15. Bc2
Bg4 16. Nc4 Ba7 17. h3 Bxe2 18. Qxe2 Nf4 19. Qf3 g5 20. Ne3 g4 21. Qd1 Qg5 22.
Kh2 Rg8 23. g3 Nxh3 24. Nf5 h4 25. gxh4 Qf4+ 26. Kg2 Nxf2 27. Qe2 g3 28. Rae1
Rg4 29. Bd1 Qxe4+ 30. Qxe4 Rxe4 31. Rxe4 Nxe4 32. Rf3 Bf2 33. Nh6 Kg7 34. Nf5+
Kf8 35. Nh6 Kg7 36. Nf5+ Kf8 1/2-1/2

[Event "Benidorm - Aficionados sub-2300 2014"]
[Site "Benidorm ESP"]
[Date "2014.11.30"]
[Round "3.5"]
[White "Vilanova Corbi, Jorge"]
[Black "Cano Gimenez, Vicente"]
[Result "1-0"]
[WhiteElo "2153"]
[BlackElo "2265"]
[PlyCount "71"]
[EventDate "2014.11.28"]
[EventType "swiss"]
[EventRounds "10"]
[EventCountry "ESP"]
[SourceTitle "Ajedrez en Madrid"]
[Source "lmi"]
[SourceDate "2014.11.28"]

1. c4 c5 2. Nf3 g6 3. d4 cxd4 4. Nxd4 Nc6 5. e4 Nf6 6. Nc3 d6 7. Be2 Nxd4 8.
Qxd4 Bg7 9. Be3 O-O 10. Qd2 Be6 11. O-O Qa5 12. b3 Rfc8 13. Rfc1 a6 14. Rab1
Qb4 15. a3 Qa5 16. b4 Qd8 17. c5 d5 18. Bf3 dxe4 19. Nxe4 Ng4 20. Ng5 Nxe3 21.
Qxd8+ Rxd8 22. Nxe6 fxe6 23. fxe3 Rab8 24. Rd1 Rxd1+ 25. Rxd1 Bb2 26. Rd7 Bxa3
27. Bxb7 Bxb4 28. c6 Ba5 29. c7 Bxc7 30. Rxc7 Kf7 31. Bxa6 Rb2 32. Rc6 e5 33.
Bc4+ Kf8 34. Bd5 Re2 35. e4 Rd2 36. h3 1-0

[Event "Benidorm - Aficionados sub-2300 2014"]
[Site "Benidorm ESP"]
[Date "2014.11.30"]
[Round "3.6"]
[White "Sanchez Jerez, Emilio Miguel"]
[Black "Goormachtigh, Johan"]
[Result "1-0"]
[WhiteElo "2258"]
[BlackElo "2152"]
[PlyCount "57"]
[EventDate "2014.11.28"]
[EventType "swiss"]
[EventRounds "10"]
[EventCountry "ESP"]
[SourceTitle "Ajedrez en Madrid"]
[Source "lmi"]
[SourceDate "2014.11.28"]

1. e4 c5 2. Nf3 e6 3. d4 cxd4 4. Nxd4 Nc6 5. Nc3 Qc7 6. Be2 a6 7. Be3 Nf6 8.
O-O Be7 9. f4 d6 10. Qe1 O-O 11. Qg3 Nxd4 12. Bxd4 b5 13. a3 Bb7 14. Kh1 Rad8
15. Rae1 Rd7 16. Bd3 Re8 17. a4 b4 18. Na2 a5 19. c3 b3 20. Nc1 Bc6 21. e5 Nh5
22. Qg4 g6 23. f5 exf5 24. Bxf5 Rdd8 25. Be6 Rf8 26. Bxb3 dxe5 27. Rxe5 Ng7 28.
Re2 Bd5 29. Bxg7 1-0

[Event "Benidorm - Aficionados sub-2300 2014"]
[Site "Benidorm ESP"]
[Date "2014.11.30"]
[Round "3.7"]
[White "Villasenor Rubio, Emilio Jose"]
[Black "Nieves Cabanes, Javier"]
[Result "1/2-1/2"]
[WhiteElo "2240"]
[BlackElo "2149"]
[PlyCount "57"]
[EventDate "2014.11.28"]
[EventType "swiss"]
[EventRounds "10"]
[EventCountry "ESP"]
[SourceTitle "Ajedrez en Madrid"]
[Source "lmi"]
[SourceDate "2014.11.28"]

1. e4 c5 2. Nf3 e6 3. d4 cxd4 4. Nxd4 Nc6 5. Nc3 Qc7 6. Nb3 a6 7. Bd3 Nf6 8. f4
d6 9. Qf3 b5 10. O-O Bb7 11. Bd2 Rc8 12. Rae1 Be7 13. Kh1 h5 14. a4 b4 15. Nd1
d5 16. Nf2 Na5 17. Nxa5 Qxa5 18. e5 Ne4 19. Nxe4 dxe4 20. Bxe4 Bxe4 21. Qxe4
Qxa4 22. c3 Rd8 23. Be3 O-O 24. f5 exf5 25. Qxf5 bxc3 26. bxc3 Qc4 27. Bd4 g6
28. Qf4 Qe6 29. Qh6 1/2-1/2

[Event "Benidorm - Aficionados sub-2300 2014"]
[Site "Benidorm ESP"]
[Date "2014.11.30"]
[Round "3.8"]
[White "Kultiyasov, Mikhail"]
[Black "Grau Brumos, Isidre"]
[Result "1-0"]
[WhiteElo "2228"]
[BlackElo "2063"]
[PlyCount "81"]
[EventDate "2014.11.28"]
[EventType "swiss"]
[EventRounds "10"]
[EventCountry "ESP"]
[SourceTitle "Ajedrez en Madrid"]
[Source "lmi"]
[SourceDate "2014.11.28"]

1. e4 e5 2. Nf3 Nc6 3. Bb5 a6 4. Ba4 Nf6 5. O-O Be7 6. Re1 b5 7. Bb3 Bb7 8. d3
O-O 9. Nc3 d6 10. a4 b4 11. Nd5 Nxd5 12. Bxd5 Na5 13. Ba2 Bf6 14. Bd2 c5 15. c3
Nc6 16. Bd5 Rb8 17. Qc2 Qb6 18. Rec1 Rfc8 19. Qd1 Ne7 20. a5 Qd8 21. Bxb7 Rxb7
22. cxb4 cxb4 23. Rxc8 Qxc8 24. Qa4 Qb8 25. Rc1 Rb5 26. Rc4 b3 27. Rb4 Rxb4 28.
Bxb4 h6 29. Nd2 Nc6 30. Bc3 Nd4 31. Bxd4 exd4 32. Qxb3 Qc7 33. Nc4 Qd7 34. h3
Bd8 35. Qb8 Kh7 36. Qa8 Bc7 37. Qb7 d5 38. Qxd5 Qa4 39. Qf5+ g6 40. Qxg6+ fxg6
41. Nd2 1-0

[Event "Benidorm - Aficionados sub-2300 2014"]
[Site "Benidorm ESP"]
[Date "2014.11.30"]
[Round "3.9"]
[White "Bosque Ortega, Xavier"]
[Black "Lakunza Oyarbide, Juan Carlos"]
[Result "0-1"]
[WhiteElo "2214"]
[BlackElo "2059"]
[PlyCount "136"]
[EventDate "2014.11.28"]
[EventType "swiss"]
[EventRounds "10"]
[EventCountry "ESP"]
[SourceTitle "Ajedrez en Madrid"]
[Source "lmi"]
[SourceDate "2014.11.28"]

1. d4 Nf6 2. Nf3 g6 3. Bf4 Bg7 4. e3 O-O 5. h3 b6 6. Be2 Bb7 7. O-O c5 8. Nc3
d5 9. a4 Nc6 10. Ne5 Na5 11. Nb5 a6 12. Na3 Rc8 13. c3 Ne4 14. f3 Nd6 15. b4
Nac4 16. Nexc4 Nxc4 17. Nxc4 dxc4 18. bxc5 bxc5 19. Rb1 Bd5 20. e4 cxd4 21.
cxd4 c3 22. Rc1 Bc4 23. d5 Bxe2 24. Qxe2 Qa5 25. Qc2 Rc4 26. Ra1 Rb4 27. Ra2
Rc8 28. Kh1 Rcc4 29. Rb1 Qb6 30. Rxb4 Rxb4 31. Bc1 Rb1 32. Kh2 Bd4 33. Ra3 a5
34. Rxc3 Bxc3 35. Qxc3 Qd6+ 36. f4 Qb4 37. Qc2 f6 38. Bd2 Qb6 39. Bxa5 Qg1+ 40.
Kg3 Qe3+ 41. Kh2 Qxf4+ 42. g3 Qc1 43. Qxc1 Rxc1 44. Bb6 Rc4 45. a5 Rxe4 46. a6
Re2+ 47. Kg1 Ra2 48. a7 Kf7 49. Bf2 Ke8 50. Bd4 Kd7 51. Bc5 f5 52. Kf1 Kc7 53.
Bxe7 Rxa7 54. Kf2 Ra5 55. d6+ Kd7 56. Kf3 Ra4 57. g4 Ke6 58. Bf8 Ra3+ 59. Kg2
Rd3 60. gxf5+ gxf5 61. h4 h5 62. Kf2 Kd5 63. Be7 Ke4 64. Ke2 f4 65. Kf2 Rd2+
66. Kf1 Kf3 67. Ke1 Rd5 68. Bf8 Kg2 0-1

[Event "Benidorm - Aficionados sub-2300 2014"]
[Site "Benidorm ESP"]
[Date "2014.11.30"]
[Round "3.10"]
[White "Schmidt, Ralf"]
[Black "Ayza Leon, David"]
[Result "1-0"]
[WhiteElo "2119"]
[BlackElo "2199"]
[PlyCount "144"]
[EventDate "2014.11.28"]
[EventType "swiss"]
[EventRounds "10"]
[EventCountry "ESP"]
[SourceTitle "Ajedrez en Madrid"]
[Source "lmi"]
[SourceDate "2014.11.28"]

1. e4 d6 2. d4 Nf6 3. Nc3 g6 4. f3 Bg7 5. Be3 c6 6. Qd2 b5 7. Bd3 Nbd7 8. Nge2
Qa5 9. O-O b4 10. Nd1 c5 11. a3 Ba6 12. Bxa6 Qxa6 13. Nf2 cxd4 14. Nxd4 bxa3
15. Rxa3 Qb7 16. Rb3 Nb6 17. Nb5 Qd7 18. Qb4 Nc8 19. Qa5 O-O 20. Nc7 Nb6 21.
Nxa8 Nc4 22. Qxa7 Qxa7 23. Bxa7 Rxa8 24. Be3 Nd7 25. Bc1 Ra2 26. Rb7 Ncb6 27.
c3 Kf8 28. Nd3 Ke8 29. Nb4 Ra8 30. Bf4 Kd8 31. Nc6+ Kc8 32. Ra7 Rxa7 33. Nxa7+
Kb7 34. Nb5 Kc6 35. Nd4+ Kc5 36. Be3 Kc4 37. Rd1 Nc5 38. Nc6 Bf6 39. e5 dxe5
40. b3+ Nxb3 41. Bxb6 Kb5 42. Na5 Nxa5 43. Bxa5 Kxa5 44. Rb1 e4 45. c4 exf3 46.
gxf3 Bd4+ 47. Kf1 Ka6 48. Ke2 f5 49. Kd3 Bc5 50. Rb8 Bd6 51. Rh8 Bxh2 52. Rxh7
Bd6 53. Rh6 Kb6 54. Rxg6 Kc6 55. f4 Kc5 56. Rg5 Bxf4 57. Rxf5+ e5 58. Kc3 Bg3
59. Kd3 Bh2 60. Rg5 Bf4 61. Rg8 Bc1 62. Rc8+ Kd6 63. Ke4 Bb2 64. c5+ Kd7 65.
Rb8 Ba3 66. Kd5 Kc7 67. Rb1 Kd7 68. Rh1 Bb4 69. Rh7+ Kd8 70. Kd6 Kc8 71. Kc6
Ba5 72. Rh8+ Bd8 1-0

[Event "Benidorm - Aficionados sub-2300 2014"]
[Site "Benidorm ESP"]
[Date "2014.11.30"]
[Round "3.13"]
[White "Jackson, Oliver A"]
[Black "Jimenez Martinez, Jose Vicente"]
[Result "0-1"]
[WhiteElo "2146"]
[BlackElo "2257"]
[PlyCount "62"]
[EventDate "2014.11.28"]
[EventType "swiss"]
[EventRounds "10"]
[EventCountry "ESP"]
[SourceTitle "Ajedrez en Madrid"]
[Source "lmi"]
[SourceDate "2014.11.28"]

1. e4 d6 2. d4 g6 3. Nc3 Bg7 4. Be3 a6 5. Qd2 b5 6. O-O-O Bb7 7. f3 Nd7 8. h4
Ngf6 9. g4 Rc8 10. h5 Rg8 11. Nh3 c5 12. hxg6 hxg6 13. Kb1 Qa5 14. g5 Nh5 15.
Nf2 cxd4 16. Bxd4 Ne5 17. Qe3 Ng3 18. Bb6 Nxf1 19. Rdxf1 Nc4 20. Bxa5 Nxe3 21.
Nd5 Nxf1 22. Rxf1 Bxd5 23. exd5 Rh8 24. Ne4 Kd7 25. Bd2 Rh2 26. c3 Rch8 27. Kc2
Rh1 28. Rf2 R8h2 29. Rxh2 Rxh2 30. Kb3 Rh3 31. f4 Rd3 0-1

[Event "Benidorm - Aficionados sub-2300 2014"]
[Site "Benidorm ESP"]
[Date "2014.11.30"]
[Round "3.16"]
[White "Lamas Mercadal, Manuel"]
[Black "Serna Lara, Sergio"]
[Result "1/2-1/2"]
[WhiteElo "2132"]
[BlackElo "2230"]
[PlyCount "41"]
[EventDate "2014.11.28"]
[EventType "swiss"]
[EventRounds "10"]
[EventCountry "ESP"]
[SourceTitle "Ajedrez en Madrid"]
[Source "lmi"]
[SourceDate "2014.11.28"]

1. b3 e5 2. Bb2 Nc6 3. e3 Nf6 4. Bb5 Bd6 5. Na3 a6 6. Bxc6 dxc6 7. Nc4 Qe7 8.
Ne2 O-O 9. O-O b5 10. Nxd6 cxd6 11. f4 e4 12. Qe1 Nd5 13. a3 f5 14. Ng3 Nf6 15.
Qe2 Ng4 16. h3 Qh4 17. Qe1 Nh6 18. Ne2 Qxe1 19. Raxe1 c5 20. Kf2 Be6 21. Rg1
1/2-1/2

[Event "Benidorm - Aficionados sub-2300 2014"]
[Site "Benidorm ESP"]
[Date "2014.11.30"]
[Round "3.18"]
[White "Riquelme Valero, Manuel Damian"]
[Black "Platel, Alexandre"]
[Result "1/2-1/2"]
[WhiteElo "2099"]
[BlackElo "2219"]
[PlyCount "23"]
[EventDate "2014.11.28"]
[EventType "swiss"]
[EventRounds "10"]
[EventCountry "ESP"]
[SourceTitle "Ajedrez en Madrid"]
[Source "lmi"]
[SourceDate "2014.11.28"]

1. d4 Nf6 2. c4 g6 3. Nc3 d5 4. Bg5 Ne4 5. Bh4 Nxc3 6. bxc3 Bg7 7. Nf3 O-O 8.
e3 Nc6 9. Bg3 Bf5 10. Bd3 dxc4 11. Bxf5 gxf5 12. Qb1 1/2-1/2

[Event "Benidorm - Aficionados sub-2300 2014"]
[Site "Benidorm ESP"]
[Date "2014.11.30"]
[Round "3.27"]
[White "Tejedor Fuente, Enrique"]
[Black "Jove Grau, Lluis"]
[Result "1-0"]
[WhiteElo "2288"]
[BlackElo "2077"]
[PlyCount "51"]
[EventDate "2014.11.28"]
[EventType "swiss"]
[EventRounds "10"]
[EventCountry "ESP"]
[SourceTitle "Ajedrez en Madrid"]
[Source "lmi"]
[SourceDate "2014.11.28"]

1. e4 d5 2. d4 dxe4 3. Nc3 Nf6 4. f3 exf3 5. Qxf3 c6 6. Be3 Bg4 7. Qf2 e6 8. h3
Bf5 9. Nf3 Bb4 10. Bd3 Bxd3 11. cxd3 Nbd7 12. O-O O-O 13. Qg3 Kh8 14. Bg5 Be7
15. Rae1 Nd5 16. Bc1 Nxc3 17. bxc3 c5 18. dxc5 Nxc5 19. Rd1 f6 20. Kh1 Rc8 21.
Nd4 Qd7 22. Ne2 Bd6 23. Qh4 Qa4 24. d4 Qc4 25. Nf4 Bxf4 26. dxc5 1-0

[Event "Benidorm - Aficionados sub-2300 2014"]
[Site "Benidorm ESP"]
[Date "2014.11.30"]
[Round "3.29"]
[White "Buenafe Moya, Javier"]
[Black "Garcia Gata, Jorge D"]
[Result "1-0"]
[WhiteElo "2256"]
[BlackElo "2046"]
[PlyCount "69"]
[EventDate "2014.11.28"]
[EventType "swiss"]
[EventRounds "10"]
[EventCountry "ESP"]
[SourceTitle "Ajedrez en Madrid"]
[Source "lmi"]
[SourceDate "2014.11.28"]

1. c4 Nf6 2. Nc3 e5 3. g3 d5 4. cxd5 Nxd5 5. Bg2 Nb6 6. Nf3 Nc6 7. O-O Be7 8.
d3 O-O 9. Be3 Be6 10. a4 Qd7 11. a5 Nd5 12. Nxd5 Bxd5 13. Qa4 Qe6 14. a6 b5 15.
Qc2 e4 16. dxe4 Bxe4 17. Ng5 Bxg5 18. Qxe4 Qxe4 19. Bxe4 Bxe3 20. Bxc6 Bb6 21.
Bxa8 Rxa8 22. Rfd1 Re8 23. Kf1 g6 24. Rd5 b4 25. e3 Re6 26. Ke2 Kg7 27. Kd3 Rf6
28. f4 Rc6 29. e4 b3 30. Ke2 Rc4 31. e5 g5 32. fxg5 c6 33. Rd7 Re4+ 34. Kd3
Rxe5 35. Rf1 1-0

[Event "Benidorm - Aficionados sub-2300 2014"]
[Site "Benidorm ESP"]
[Date "2014.11.30"]
[Round "3.44"]
[White "Diez Fraile, David"]
[Black "Mascarell Canet, Ricardo"]
[Result "1-0"]
[WhiteElo "2147"]
[BlackElo "1957"]
[PlyCount "69"]
[EventDate "2014.11.28"]
[EventType "swiss"]
[EventRounds "10"]
[EventCountry "ESP"]
[SourceTitle "Ajedrez en Madrid"]
[Source "lmi"]
[SourceDate "2014.11.28"]

1. e4 c5 2. Nf3 d6 3. d4 cxd4 4. Nxd4 Nf6 5. Nc3 a6 6. f3 e6 7. Be3 Nc6 8. Qd2
Bd7 9. O-O-O Qc7 10. g4 h6 11. Rg1 b5 12. Nxc6 Bxc6 13. h4 Nd7 14. Kb1 b4 15.
Ne2 Ne5 16. Nd4 Bd7 17. b3 Rb8 18. f4 Nc6 19. Bc4 Be7 20. g5 g6 21. Qe2 h5 22.
Nxc6 Bxc6 23. Bd4 e5 24. Bb2 O-O 25. Qh2 Bxe4 26. fxe5 d5 27. Bxd5 Bf5 28. Bc4
Bc5 29. Rgf1 Rbd8 30. Rde1 Rfe8 31. Rxf5 gxf5 32. g6 Re7 33. Qf4 Kg7 34. gxf7
Rh8 35. Qg5+ 1-0

[Event "Benidorm - Aficionados sub-2300 2014"]
[Site "Benidorm ESP"]
[Date "2014.11.30"]
[Round "3.45"]
[White "Murcia Paredes, Angel"]
[Black "Garcia Galeote, Lorenzo"]
[Result "1-0"]
[WhiteElo "2147"]
[BlackElo "1950"]
[PlyCount "71"]
[EventDate "2014.11.28"]
[EventType "swiss"]
[EventRounds "10"]
[EventCountry "ESP"]
[SourceTitle "Ajedrez en Madrid"]
[Source "lmi"]
[SourceDate "2014.11.28"]

1. e4 Nc6 2. Nf3 d5 3. exd5 Qxd5 4. Nc3 Qa5 5. Bb5 Bd7 6. O-O a6 7. b4 Nxb4 8.
Bxd7+ Kxd7 9. Re1 Nc6 10. Rb1 b6 11. Qe2 e6 12. Bb2 Nf6 13. Ne4 Be7 14. Neg5
Qf5 15. Nxf7 Rhf8 16. N7e5+ Nxe5 17. Bxe5 Bc5 18. d4 Bd6 19. c4 Ng4 20. Rbd1
Bxe5 21. dxe5+ Ke7 22. h3 Nh6 23. c5 b5 24. Rd2 Qh5 25. Red1 Rfd8 26. c6 Nf7
27. Rd7+ Kf8 28. Rxc7 Ng5 29. Rdd7 Rxd7 30. Rxd7 Rc8 31. c7 Ke8 32. Rd8+ Rxd8
33. cxd8=Q+ Kxd8 34. Qd2+ Kc7 35. Nxg5 Qg6 36. Qd6+ 1-0

[Event "Benidorm - Aficionados sub-2300 2014"]
[Site "Benidorm ESP"]
[Date "2014.11.30"]
[Round "3.48"]
[White "Tocco, Paolo"]
[Black "Garcia Martin, Marta"]
[Result "1/2-1/2"]
[WhiteElo "2141"]
[BlackElo "1913"]
[PlyCount "67"]
[EventDate "2014.11.28"]
[EventType "swiss"]
[EventRounds "10"]
[EventCountry "ESP"]
[SourceTitle "Ajedrez en Madrid"]
[Source "lmi"]
[SourceDate "2014.11.28"]

1. d4 Nf6 2. Nc3 d5 3. e4 dxe4 4. f3 exf3 5. Nxf3 Bg4 6. h3 Bh5 7. g4 Bg6 8.
Ne5 c6 9. Bg2 Nbd7 10. Nxg6 hxg6 11. g5 Nd5 12. O-O e6 13. Qf3 Qe7 14. Ne4 N7b6
15. b3 O-O-O 16. Qxf7 Qxf7 17. Rxf7 Rd7 18. Rxd7 Nxd7 19. Bd2 Ba3 20. c3 Rf8
21. Rf1 Rxf1+ 22. Kxf1 e5 23. Ke2 exd4 24. cxd4 Kc7 25. Kd1 Bb2 26. Nc5 Nxc5
27. dxc5 Bd4 28. Bxd5 cxd5 29. b4 a5 30. a3 axb4 31. axb4 Kc6 32. Kc2 Kb5 33.
Kb3 Be5 34. Bc1 1/2-1/2

[Event "Benidorm - Aficionados sub-2300 2014"]
[Site "Benidorm ESP"]
[Date "2014.11.30"]
[Round "3.51"]
[White "Lalau, Alexandre"]
[Black "Machlik, Endre"]
[Result "0-1"]
[WhiteElo "2099"]
[BlackElo "1967"]
[PlyCount "62"]
[EventDate "2014.11.28"]
[EventType "swiss"]
[EventRounds "10"]
[EventCountry "ESP"]
[SourceTitle "Ajedrez en Madrid"]
[Source "lmi"]
[SourceDate "2014.11.28"]

1. e4 c6 2. d3 d5 3. Nd2 e5 4. Ngf3 Bd6 5. g3 Nf6 6. Bg2 O-O 7. O-O dxe4 8.
dxe4 b5 9. c4 Qe7 10. Qc2 Nbd7 11. a3 a5 12. b3 Bb7 13. Bb2 b4 14. axb4 axb4
15. Rfd1 Nc5 16. Ne1 Nfd7 17. Nf1 Rfd8 18. Ne3 g6 19. Nf3 f6 20. h3 Nf8 21. Nh2
Rxa1 22. Rxa1 Bc7 23. Nhg4 h5 24. Nh2 Nfe6 25. Nf3 Kf7 26. Rd1 Rxd1+ 27. Qxd1
Qd8 28. Nd2 Bb6 29. Bf1 Ng5 30. Bg2 Nd3 31. Qc2 Ne1 0-1

[Event "Benidorm - Aficionados sub-2300 2014"]
[Site "Benidorm ESP"]
[Date "2014.11.30"]
[Round "3.55"]
[White "Ortin Blanco, Inigo"]
[Black "Galiana Fernandez, Adrian"]
[Result "0-1"]
[WhiteElo "1873"]
[BlackElo "2048"]
[PlyCount "62"]
[EventDate "2014.11.28"]
[EventType "swiss"]
[EventRounds "10"]
[EventCountry "ESP"]
[SourceTitle "Ajedrez en Madrid"]
[Source "lmi"]
[SourceDate "2014.11.28"]

1. d4 d5 2. c4 c6 3. cxd5 cxd5 4. Nc3 e5 5. e4 dxe4 6. d5 Bf5 7. Qa4+ Nd7 8.
Nge2 Ngf6 9. Ng3 Bg6 10. Bb5 Qb6 11. Bg5 O-O-O 12. Ncxe4 Bxe4 13. Bxd7+ Rxd7
14. Rc1+ Rc7 15. Rxc7+ Qxc7 16. Nxe4 Be7 17. O-O Nxe4 18. Qxe4 Bxg5 19. Qg4+
Qd7 20. Qxg5 f6 21. Qe3 Kb8 22. Rd1 Qd6 23. Qg3 g6 24. h4 Rc8 25. h5 gxh5 26.
Qh3 Rc5 27. Qe6 Kc7 28. b4 Qxe6 29. dxe6 Rc6 30. Rd7+ Kc8 31. Re7 a6 0-1

[Event "Benidorm - Aficionados sub-2300 2014"]
[Site "Benidorm ESP"]
[Date "2014.11.30"]
[Round "3.56"]
[White "Machlik, Edit"]
[Black "Carrera Ruano, Luis Javier"]
[Result "1/2-1/2"]
[WhiteElo "2042"]
[BlackElo "1925"]
[PlyCount "52"]
[EventDate "2014.11.28"]
[EventType "swiss"]
[EventRounds "10"]
[EventCountry "ESP"]
[SourceTitle "Ajedrez en Madrid"]
[Source "lmi"]
[SourceDate "2014.11.28"]

1. d4 Nf6 2. c4 e6 3. Nc3 Bb4 4. Qc2 O-O 5. a3 Bxc3+ 6. Qxc3 d5 7. Bg5 b6 8.
Nf3 Bb7 9. c5 h6 10. Bh4 bxc5 11. Qxc5 Nbd7 12. Qc2 a5 13. Rc1 Rc8 14. b4 axb4
15. axb4 c6 16. e3 Qb6 17. Qb2 Ba6 18. Bxa6 Qxa6 19. Ra1 Qd3 20. Ra3 Qb5 21.
Ra5 Qd3 22. Ra3 Qb5 23. Bxf6 gxf6 24. Ra5 Qd3 25. Ra3 Qb5 26. Ra5 Qd3 1/2-1/2

[Event "Benidorm - Aficionados sub-2300 2014"]
[Site "Benidorm ESP"]
[Date "2014.11.30"]
[Round "3.60"]
[White "Spanton, Tim R"]
[Black "Baktach, Nesrine"]
[Result "0-1"]
[WhiteElo "2002"]
[BlackElo "1652"]
[PlyCount "35"]
[EventDate "2014.11.28"]
[EventType "swiss"]
[EventRounds "10"]
[EventCountry "ESP"]
[SourceTitle "Ajedrez en Madrid"]
[Source "lmi"]
[SourceDate "2014.11.28"]

1. c4 e6 2. g3 d5 3. Bg2 c6 4. Nf3 Nf6 5. b3 Bc5 6. O-O e5 7. d4 exd4 8. cxd5
cxd5 9. Nxd4 Nc6 10. Bb2 O-O 11. Na3 Nxd4 12. Bxd4 Bxa3 13. Bxf6 Qxf6 14. Qxd5
Rd8 15. Qa5 Be7 16. Rac1 Qg5 17. Qa4 Bd7 18. f4 0-1

[Event "Benidorm - Aficionados sub-2300 2014"]
[Site "Benidorm ESP"]
[Date "2014.11.30"]
[Round "3.63"]
[White "Estevez Jacome, Jose Ramon"]
[Black "Lopez Del Alamo, Antonio"]
[Result "0-1"]
[WhiteElo "2009"]
[BlackElo "2260"]
[PlyCount "42"]
[EventDate "2014.11.28"]
[EventType "swiss"]
[EventRounds "10"]
[EventCountry "ESP"]
[SourceTitle "Ajedrez en Madrid"]
[Source "lmi"]
[SourceDate "2014.11.28"]

1. e4 c5 2. Nf3 e6 3. d4 cxd4 4. Nxd4 Nf6 5. Nc3 Nc6 6. Be2 Bb4 7. Nxc6 bxc6 8.
f3 d5 9. exd5 cxd5 10. O-O O-O 11. Bg5 Be7 12. Kh1 Rb8 13. b3 Qa5 14. Qd3 Bd7
15. a4 Rfc8 16. Nb5 a6 17. Nd4 Rb6 18. c4 dxc4 19. Qe3 Nd5 20. Qd2 Bb4 21. Qa2
Nc3 0-1